Bútorok gyártása
Elmentve itt :
| Szerző: | |
|---|---|
| Dokumentumtípus: | Cikk |
| Megjelent: |
1972-10-04
|
| Sorozat: | Délmagyarország
62 No. 234 |
| Kulcsszavak: | Bútoripar export illusztráció 1972, bútorgyár |
| Online Access: | http://dmarchiv.bibl.u-szeged.hu/66485 |
| LEADER | 00526nab a2200169 i 4500 | ||
|---|---|---|---|
| 001 | delm66485 | ||
| 005 | 20180927153637.0 | ||
| 008 | 180927s1972 hu o 0|| hun d | ||
| 040 | |a SZTE Délmagyarország Archívum |b hun | ||
| 041 | |a hun | ||
| 100 | 2 | |a Ács Sánta Sándor | |
| 245 | 1 | 0 | |a Bútorok gyártása |h [elektronikus dokumentum] / |c Ács Sánta Sándor |
| 260 | |c 1972-10-04 | ||
| 300 | |a 1 | ||
| 490 | 0 | |a Délmagyarország |v 62 No. 234 | |
| 695 | |a Bútoripar export illusztráció 1972, bútorgyár | ||
| 700 | 0 | 2 | |a Ács Sánta Sándor |e aut |